| 000 | 01596nam a2200361Ia 4500 | ||
|---|---|---|---|
| 001 | ebr10216980 | ||
| 003 | CaPaEBR | ||
| 006 | m u | ||
| 007 | cr cn||||||||| | ||
| 008 | 950308s1995 ilua sb 101 0 eng d | ||
| 010 | _z 95011716 | ||
| 020 | _z0226261603 (cloth : acid-free paper) | ||
| 020 | _z9780226261607 | ||
| 020 | _z9780226261843 | ||
| 040 |
_aCaPaEBR _cCaPaEBR |
||
| 035 | _a(OCoLC)290523404 | ||
| 050 | 1 | 4 |
_aHD4906 _b.D53 1995eb |
| 245 | 0 | 0 |
_aDifferences and changes in wage structures _h[electronic resource] / _cedited by Richard B. Freeman and Lawrence F. Katz. |
| 260 |
_aChicago : _bUniversity of Chicago Press, _c1995. |
||
| 300 |
_aix, 461 p. : _bill. |
||
| 490 | 1 | _aNBER Comparative labor markets series | |
| 500 | _a"Papers ... presented at conferences held at the Center for Economic Performance (CEP) of the London School of Economics and at the NBER"--Pref. | ||
| 504 | _aIncludes bibliographical references and indexes. | ||
| 533 |
_aElectronic reproduction. _bPalo Alto, Calif. : _cebrary, _d2009. _nAvailable via World Wide Web. _nAccess may be limited to ebrary affiliated libraries. |
||
| 650 | 0 |
_aLabor costs _vCase studies _vCongresses. |
|
| 650 | 0 |
_aWages _vCase studies _vCongresses. |
|
| 655 | 7 |
_aElectronic books. _2local |
|
| 700 | 1 |
_aFreeman, Richard B. _q(Richard Barry), _d1943- |
|
| 700 | 1 | _aKatz, Lawrence F. | |
| 710 | 2 | _aebrary, Inc. | |
| 830 | 0 | _aNBER Comparative labor markets series. | |
| 856 | 4 | 0 |
_uhttp://site.ebrary.com/lib/rucke/Doc?id=10216980 _zAn electronic book accessible through the World Wide Web; click to view |
| 999 |
_c129007 _d129007 |
||